|
|
|
|
| LEADER |
00000nam0a2200000 4500 |
| 001 |
340006 |
| 005 |
20231101032957.0 |
| 035 |
|
|
|a (RuTPU)RU\TPU\book\366552
|
| 090 |
|
|
|a 340006
|
| 100 |
|
|
|a 20180207d1967 km y0rusy50 ca
|
| 101 |
0 |
|
|a rus
|
| 102 |
|
|
|a RU
|
| 105 |
|
|
|a a z 001zy
|
| 200 |
1 |
|
|a Резание твердосплавными фасонными резцами
|f Г. М. Зильберман
|g Пермский сельскохозяйственный институт им. Д. Н. Прянишникова
|
| 210 |
|
|
|a Пермь
|c Пермское книжное издательство
|d 1967
|
| 215 |
|
|
|a 156 с.
|c ил.
|
| 320 |
|
|
|a Библиогр.: с. 152-154
|
| 333 |
|
|
|a Исключено из фонда НТБ ТПУ
|
| 675 |
|
|
|a 621.9.025.72
|v 4
|
| 700 |
|
1 |
|a Зильберман
|b Г. М.
|g Григорий Миронович
|
| 712 |
0 |
2 |
|a Пермский сельскохозяйственный институт им. Д. Н. Прянишникова
|
| 801 |
|
1 |
|a RU
|b 63413507
|c 20180207
|
| 801 |
|
2 |
|a RU
|b 63413507
|c 20220620
|g RCR
|
| 942 |
|
|
|c BK
|